NHL MVP Champions - Statistics

General Stats
  • This quiz has been taken 24 times
  • The average score is 12 of 16
Answer Stats
Year Team Player % Correct
1987 Oilers Wayne Gretzky
100%
1985 Oilers Wayne Gretzky
100%
1984 Oilers Wayne Gretzky
100%
1972 Bruins Bobby Orr
92%
1970 Bruins Bobby Orr
92%
1978 Canadiens Guy Lafleur
88%
1977 Canadiens Guy Lafleur
88%
2001 Avalanche Joe Sakic
83%
1990 Oilers Mark Messier
83%
1952 Red Wings Gordie Howe
79%
2004 Lightning Martin St. Louis
79%
1975 Flyers Bobby Clarke
71%
1956 Canadiens Jean Béliveau
50%
1931 Canadiens Howie Morenz
25%
1926 Maroons Nels Stewart
17%
1941 Bruins Bill Cowley
13%
No matching quizzes found
Score Distribution
Percent of People with Each Score
Percentile by Number Answered
Your Score History
You have not taken this quiz